Biological invasions in Europe and the Mediterranean basin
Αποθηκεύτηκε σε:
| Άλλοι συγγραφείς: | , , |
|---|---|
| Μορφή: | Βιβλίο |
| Γλώσσα: | English |
| Δημοσίευση: |
Dordrecht :
Kluwer Academic,
c1990
|
| Σειρά: | Monographiae biologicae ;
; 65 |
| Θέματα: | |
| Ετικέτες: |
Προσθήκη ετικέτας
Δεν υπάρχουν, Καταχωρήστε ετικέτα πρώτοι!
|
MARC
| LEADER | 00000pam a2200000 i 4500 | ||
|---|---|---|---|
| 001 | 1/66864 | ||
| 008 | 931022s1990 eng d | ||
| 020 | |a 0-7923-0411-X | ||
| 035 | |l 10001798 | ||
| 040 | |a GR-MY-UA |b gre |e aacr | ||
| 041 | 0 | |a eng | |
| 082 | 0 | |a 574.524 | |
| 245 | 1 | 0 | |a Biological invasions in Europe and the Mediterranean basin / |c edited by F. di Castri, A. J. Hansen and M. Debussche |
| 260 | |a Dordrecht : |b Kluwer Academic, |c c1990 | ||
| 300 | |a ix, 463 p.; |b ill.; |c 25 cm | ||
| 490 | 1 | |a Monographiae biologicae |v ; 65 | |
| 500 | |a Erratum slip inserted | ||
| 504 | |a Includes bibliographical references and indexes | ||
| 650 | 0 | 0 | |a Biological invasions |z Europe. |
| 650 | 0 | 0 | |a Biological invasions |z Mediterranean Region. |
| 700 | 1 | |a Di Castri, Francesco. |4 edt | |
| 700 | 1 | |a Hansen, A. J. |d 1955- |4 edt | |
| 700 | 1 | |a Debussche, M. |4 edt | |
| 830 | 0 | |a Monographiae biologicae ; |v ; 65 | |
| 852 | |a INST |b LESVOS |e 19950511 |h 574.524 BIO |p 005100001030 |q 005100001030 |t BK |y 0 | ||
| 852 | |a INST |b LESVOS |e 19931022 |h 574.524 BIO |p 005100006561 |q 005100006561 |t BK |y 0 | ||
| 909 | |a Λ |b 021226 | ||
| 909 | |a Λ |b 035727 | ||